000 00539nam a2200181Ia 4500
005 20250508160643.0
008 008 250505s9999 xx 000 0 eng d
037 _aReference
040 _aFEDL
_beng
_cFEDL
041 _aeng
_2eng
084 _a371.3, CHA
_qFEDL
100 _aChamberlin Leslie J
_9769028
245 0 _aTeam teaching: Organization and administration
260 _aColumbus
_bCharles E. Merrill Publishing Company
_c1969
300 _avii,152p.
942 _cREF
_h371.3, CHA
999 _c1365852
_d1365852